000 00567ntaaa2200205 4500
003 01
005 20251027202434.0
008 0714s1973 ag 01
040 _aAR-BaBN
_bspa
_cAR-BaBN
_eaacr
_dRIC
082 _a265.6000 C44
100 _aChiniquy, Carlos
_923256
245 _aEl cura, la mujer y el confesionario
250 _a1 ed.
260 _aEl Paso :
_bEditorial Verdad,
_cn.f.
300 _a162 p.
500 _aestudio crítico sobre el sacramento de la confesíon auricular
650 _aCatolicismo
_9316
650 _aConfesión
_96616
942 _cBK
999 _c19357
_d19357